01639cam a2200409 a 4500001001400000003000800014005001700022006001900039007001500058008004100073020003800114040003000152049002600182050002400208082001200232245006500244260002700309300003700336490003200373505010500405520026200510521001700772588004700789504004100836650001700877655002900894700001800923710001600941740002200957740002100979740004001000776003501040830003301075856008601108942001601194999001901210EDZ0000116333StDuBDS20161031105113.0m||||||||d||||||||cr |||||||||||130111s2006 enka fo| 000|0|eng d a9781446261255 (ebook) :cNo price aStDuBDSbengcStDuBDSepn aAlfaisal Main Library 0aHV6025b.C7396 200604a36422300aCriminologyh[electronic resource] /cedited by John Muncie. aLondon :bSAGE,c2006. a1 online resource (3 v.) :bill.1 aSAGE library of criminology0 av. 1. The meaning of crime -- v. 2. The causes of crime -- v. 3. Radical and critical criminologies.8 aThis three-volume set is the definitive reference tool for criminology and criminal justice students, researchers and practitioners worldwide. John Muncie presents a comprehensive collection of classic and contemporary pieces that define the study of crime. aSpecialized. aDescription based on print version record. aIncludes bibliographical references. 0aCriminology. 7aElectronic books.2local1 aMuncie, John.2 aSage eBooks02aMeaning of crime.02aCauses of crime.02aRadical and critical criminologies.08iPrint version :z9781412911658 0aSAGE library of criminology.40uhttp://ezproxy.alfaisal.edu/login?url=http://sk.sagepub.com/navigator/criminology 2lcccEBOOKS c479391d479391